MyGZULibrary

Public & private families : (Record no. 2553)

MARC details
000 -LEADER
fixed length control field 01453cam a22003614a 4500
001 - CONTROL NUMBER
control field 14450265
003 - CONTROL NUMBER IDENTIFIER
control field GZU
005 - DATE AND TIME OF LATEST TRANSACTION
control field 20201103123811.0
008 - FIXED-LENGTH DATA ELEMENTS--GENERAL INFORMATION
fixed length control field 060713s2008 maua b 001 0 eng
010 ## - LIBRARY OF CONGRESS CONTROL NUMBER
LC control number 2006046734
020 ## - INTERNATIONAL STANDARD BOOK NUMBER
International Standard Book Number 9780073528083 (alk. paper)
020 ## - INTERNATIONAL STANDARD BOOK NUMBER
International Standard Book Number 0073528080 (alk. paper)
040 ## - CATALOGING SOURCE
Original cataloging agency DLC
Transcribing agency DLC
Modifying agency DLC
043 ## - GEOGRAPHIC AREA CODE
Geographic area code n-us---
050 00 - LIBRARY OF CONGRESS CALL NUMBER
Classification number HQ536
Item number CHE 2008
082 00 - DEWEY DECIMAL CLASSIFICATION NUMBER
Classification number 306.85
Edition number 22
100 1# - MAIN ENTRY--PERSONAL NAME
Personal name Cherlin, Andrew J.,
Dates associated with a name 1948-
245 10 - TITLE STATEMENT
Title Public & private families :
Remainder of title an introduction /
Statement of responsibility, etc. Andrew J. Cherlin.
246 3# - VARYING FORM OF TITLE
Title proper/short title Public and private families
250 ## - EDITION STATEMENT
Edition statement 5th ed.
260 ## - PUBLICATION, DISTRIBUTION, ETC.
Place of publication, distribution, etc. Boston :
Name of publisher, distributor, etc. McGraw Hill,
Date of publication, distribution, etc. c2008.
300 ## - PHYSICAL DESCRIPTION
Extent xxviii, 572 p. :
Other physical details col. ill. ;
Dimensions 26 cm.
504 ## - BIBLIOGRAPHY, ETC. NOTE
Bibliography, etc. note Includes bibliographical references (p. 520-552) and indexes.
650 #0 - SUBJECT ADDED ENTRY--TOPICAL TERM
Topical term or geographic name entry element Families
Geographic subdivision United States.
650 #0 - SUBJECT ADDED ENTRY--TOPICAL TERM
Topical term or geographic name entry element Families.
650 #0 - SUBJECT ADDED ENTRY--TOPICAL TERM
Topical term or geographic name entry element Family policy.
856 42 - ELECTRONIC LOCATION AND ACCESS
Materials specified Publisher description
Uniform Resource Identifier <a href="http://www.loc.gov/catdir/enhancements/fy0668/2006046734-d.html">http://www.loc.gov/catdir/enhancements/fy0668/2006046734-d.html</a>
856 41 - ELECTRONIC LOCATION AND ACCESS
Materials specified Table of contents only
Uniform Resource Identifier <a href="http://www.loc.gov/catdir/enhancements/fy0668/2006046734-t.html">http://www.loc.gov/catdir/enhancements/fy0668/2006046734-t.html</a>
856 42 - ELECTRONIC LOCATION AND ACCESS
Materials specified Contributor biographical information
Uniform Resource Identifier <a href="http://www.loc.gov/catdir/enhancements/fy0735/2006046734-b.html">http://www.loc.gov/catdir/enhancements/fy0735/2006046734-b.html</a>
906 ## - LOCAL DATA ELEMENT F, LDF (RLIN)
a 7
b cbc
c orignew
d 1
e ocip
f 20
g y-gencatlg
942 ## - ADDED ENTRY ELEMENTS (KOHA)
Source of classification or shelving scheme Library of Congress Classification
Koha item type Books
Edition 5th
Classification part 536
Item part CHE
Call number prefix HQ
Holdings
Withdrawn status Lost status Damaged status Not for loan Collection code Home library Current library Shelving location Date acquired Total Checkouts Full call number Barcode Date last seen Copy number Price effective from Koha item type Inventory number Source of acquisition
        Non-fiction City Campus Library City Campus Library General Stacks 11/03/2020   HQ 536 CHE 2008 B017376 11/03/2020 c.1 11/03/2020 Books    
        Non-fiction City Campus Library City Campus Library General Stacks 11/03/2020   HQ 536 CHE 2008 G00090252 11/03/2020 c.2 11/03/2020 Books 9934  
        Non-fiction City Campus Library City Campus Library General Stacks 11/03/2020   HQ 536 CHE 2008 B017889 11/03/2020 c.3 11/03/2020 Books 9936  
        Non-fiction Mashava Campus Library Mashava Campus Library General Stacks 05/12/2021   HQ536 CHE 2008 B017921 05/12/2021 C.4 05/12/2021 Books B017921 Purchase